000 00908nam a22002057a 4500
999 _c6037
_d6037
005 20260127162946.0
008 260127b ||||| |||| 00| 0 eng d
020 _a9781398517417
040 _cKH8
082 _a823.92 WAL
100 _aWALLACE,DANNY
_eAUTHOR
245 _aOPERATION: EVIL GENIUS!
260 _a1st Floor,222 Gray's Inn Road,London,WC1X 8HB
_bSimon & Schuster UK LTD
_c2024
300 _a245 pages
_bb illustration
_c13 cm x 20 cm
520 _aSeparated only by a garden fence, Ryan and Tom have been best friends since they were two years old. But while Ryan is looking forward to starting secondary school together, Tom doesn't seem to want anything to do him with anymore. Suddenly, he'd rather hang out with mean Minnie and horrible Simon! -Library Thing-
650 _aJuvenile Fiction
_vFriendship
655 _aHumour
700 _aCORRELL,GEMMA
_eiLLUSTRATOR
942 _2ddc
_cFIC